LEADER 01286nam0-22003971i-450- 001 990006405800403321 005 20121017091055.0 010 $a88-13-20840-5 035 $a000640580 035 $aFED01000640580 035 $a(Aleph)000640580FED01 035 $a000640580 100 $a20121017d1998----km-y0itay50------ba 101 0 $aita 102 $aIT 105 $ay---n---001yy 200 1 $a<>servizi di controllo interno e i nuclei di valutazione delle pubbliche amministrazioni$efondamenti, compiti, tecniche, nodi problematici, esperienze$fcoordinatori Alessandro Caloprisco, Maurizio De Paolis 210 $aPadova$cCEDAM$d1998 215 $aXIV, 393 p.$d24 cm 610 0 $aAmministrazione pubblica$acontrolli 676 $a350.007 5$v20$zit 702 1$aCaloprisco,$bAlessandro 702 1$aDe Paolis,$bMaurizio 801 0$aIT$bUNINA$gRICA$2UNIMARC 901 $aBK 912 $a990006405800403321 952 $aVI H 238$b37798*$fFGBC 952 $aVIII B 106$b33348$fFSPBC 952 $aVI B 862$bs.i.$fDDA 952 $aXI A 74$b2947$fDDCIC 959 $aFGBC 959 $aFSPBC 959 $aDDA 959 $aDDCIC 996 $aServizi di controllo interno e i nuclei di valutazione delle pubbliche amministrazioni$9661024 997 $aUNINA LEADER 01240nam2-2200421---450- 001 990002842680203316 005 20061205085902.0 010 $a2-253-06174-3 035 $a000284268 035 $aUSA01000284268 035 $a(ALEPH)000284268USA01 035 $a000284268 100 $a20061204h1992----km-y0itay50------ba 101 $afre 102 $aFR 105 $a||||||||001yy 200 1 $a<<4.>> : Idées fixes$fBernard-Henri Lévy 210 $aParis$cLibrairie générale française$dcopyr. 1992 215 $a382 p.$d17 cm 225 2 $a<> Livre de poche$iBiblio essais$v16 410 0$12001$a<> Livre de poche$iBiblio essais$v16 454 1$12001 461 1$1001000284267$12001 606 0 $aFilosofia 606 0 $aCultura 676 $a084.1 700 1$aLÉVY,$bBernard Henri$0245199 801 0$aIT$bsalbc$gISBD 912 $a990002842680203316 951 $aII.1.D. 4158/4$b189066 L.M.$cII.1.$d00119423 959 $aBK 969 $aUMA 979 $aIANNONE$b90$c20061204$lUSA01$h1506 979 $aIANNONE$b90$c20061204$lUSA01$h1513 979 $aIANNONE$b90$c20061204$lUSA01$h1530 979 $aIANNONE$b90$c20061205$lUSA01$h0859 996 $aIdées fixes$9993261 997 $aUNISA